000
00269nam a22000977a 4500
008
170106b xxu||||| |||| 00| 0 eng d
041
_a
eng
080
_a
618.2
245
_a
INSTRUCTORS MANUAL FOR USE WITH NURSING RESEARCH THEORY AND PRACTICE
_c
WOODS, N.F
942
_2
udc
_c
BK
999
_c
2603
_d
2603